| 000 | 00789cam a2200217 4500 | ||
|---|---|---|---|
| 001 | D1854 | ||
| 008 | 090401t1985 xxu||||| |||| 00| 0 eng d | ||
| 035 | _a(Sirsi) u66222 | ||
| 041 | _aeng | ||
| 050 | _a331.289 | ||
| 110 |
_aBuilding Maintenance Cost Information Service _91702 |
||
| 245 | _aMaintenance wage agreements : details of current and historic wage rates in building maintenance | ||
| 250 | _a3rd | ||
| 260 |
_aKingston upon Thames _bBMCIS _c1985 |
||
| 300 | _a43p. 30cm | ||
| 350 | _a0 | ||
| 490 |
_aAnnual Paper: _v: 143 |
||
| 520 | _aCover title. This item is part of a subscription service and cannot be photocopied, neither can any part of it be read out over the phone. Please contact BMI dorect on 0171-222-7000 for details. | ||
| 942 | _n0 | ||
| 948 | _c04/03/1997 | ||
| 999 |
_c94831 _d94831 |
||